000
00295nam a22001337a 4500
008
181030b xxu||||| |||| 00| 0 eng d
020
_a
9780443054716
041
_a
eng
080
_a
616.073
100
_a
6
101
_a
RAD
245
_a
Obstetric Ultrasound
_c
Chudlegih, T
942
_2
udc
_c
BK
999
_c
51157
_d
51157